00951nam a2200229 a 4500008004100000020002200041100002400063245012000087260017100207300003200378440005100410504004100461650003500502650002600537700001800563710001400581710006000595710003900655003000100694005001700695040000900712  a2869781024 (pbk.)1 aAkinkugbe, Oluyele.10aEducation financing and budgetary reforms in Africa :bthe Swaziland case study /cOluyele Akinkugbe & Vusi Kunene. aDakar, Senegal :bCouncil for the Development of Social Science Research in Africa ;aParis, France :bAssociation for the Development of Education in Africa,cc2001. axiv, 149 p. :bmap,c21 cm. 0aWorking Group on Education and Finance series. aIncludes bibliographical references. 0aEducationzSwazilandxFinance. 0aEducationzSwaziland.1 aKunene, Vusi.2 aCodesria.2 aAssociation for the Development of Education in Africa.1 aSwaziland.bMinistry of Education.20230123133339.0 cNUST